[Event "Arie Nijman Memorial"]
[Site "Christchurch"]
[Date "2023.05.19"]
[Round "1"]
[White "Carpinter, Anthony Lawrence"]
[Black "Anikonov, Artem"]
[Result "1-0"]
[WhiteElo "2144"]
[BlackElo "1308"]
[PlyCount "103"]
[EventDate "2023.05.19"]
[EventType "swiss"]
[EventRounds "6"]
[EventCountry "NZL"]
[SourceTitle "EXT 2024"]
[Source "ChessBase"]
[SourceDate "2023.10.10"]
[SourceVersion "1"]
[SourceVersionDate "2023.10.10"]
[SourceQuality "1"]

1. Nf3 d5 2. e3 Nf6 3. c4 e6 4. b3 Bd6 5. Bb2 c6 6. Qc2 0-0 7. Be2 Nbd7 8. Nc3 e5 9. cxd5 cxd5 10. Nb5 Qe7 11. Nxd6 Qxd6 12. d4 e4 13. Ne5 Qe6 14. Nxd7 Bxd7 15. Qd2 Rac8 16. 0-0 h6 17. Ba3 Rfe8 18. Rac1 Bc6 19. Qa5 a6 20. Rc2 Bd7 21. Rfc1 Rxc2 22. Rxc2 Rc8 23. Rxc8+ Bxc8 24. Qc5 Kh7 25. h3 Bd7 26. Kf1 Qc6 27. Ke1 Qxc5 28. Bxc5 Kg6 29. Kd2 Kf5 30. Kc3 Ke6 31. Kb4 Bc6 32. Bf8 Ne8 33. Kc5 Kd7 34. Kb6 f6 35. a4 f5 36. g3 Kd8 37. Bxa6 Bxa4 38. bxa4 bxa6 39. Kxa6 Nc7+ 40. Kb6 Ne6 41. Bd6 Kd7 42. Be5 g5 43. a5 Nd8 44. a6 Nc6 45. Bg7 h5 46. Bf6 g4 47. hxg4 hxg4 48. Bg5 Kd6 49. Bf4+ Kd7 50. a7 Nxa7 51. Kxa7 Kc6 52. Ka6 1-0

[Event "Christchurch Nijman Memorial"]
[Site "Christchurch"]
[Date "2022.05.15"]
[Round "6"]
[White "Anikonov, Artem"]
[Black "Repia King, Ian"]
[Result "1-0"]
[WhiteElo "1560"]
[BlackElo "1295"]
[PlyCount "39"]
[EventDate "2022.05.13"]
[EventType "swiss"]
[EventRounds "6"]
[EventCountry "NZL"]
[SourceTitle "EXT 2024"]
[Source "ChessBase"]
[SourceDate "2023.10.10"]
[SourceVersion "1"]
[SourceVersionDate "2023.10.10"]
[SourceQuality "1"]

1. e4 d5 2. exd5 Qxd5 3. Nc3 Qe5+ 4. Qe2 Nc6 5. Nb5 Bg4 6. Qxe5 Nxe5 7. Nxc7+ Kd8 8. Nxa8 Kc8 9. d3 f6 10. Bf4 Kb8 11. d4 Kxa8 12. dxe5 fxe5 13. Bxe5 e6 14. f3 Bf5 15. 0-0-0 b6 16. Ba6 Be7 17. Bxg7 Kb8 18. Be5+ Ka8 19. Rd7 Nf6 20. Bb7# 1-0

[Event "Christchurch Nijman Memorial"]
[Site "Christchurch"]
[Date "2022.05.14"]
[Round "2"]
[White "Black, Ross"]
[Black "Anikonov, Artem"]
[Result "1/2-1/2"]
[WhiteElo "1854"]
[BlackElo "1560"]
[PlyCount "127"]
[EventDate "2022.05.13"]
[EventType "swiss"]
[EventRounds "6"]
[EventCountry "NZL"]
[SourceTitle "EXT 2024"]
[Source "ChessBase"]
[SourceDate "2023.10.10"]
[SourceVersion "1"]
[SourceVersionDate "2023.10.10"]
[SourceQuality "1"]

1. e4 e5 2. Bc4 Nf6 3. d3 Bc5 4. Nf3 d6 5. 0-0 Be6 6. Bxe6 fxe6 7. Bg5 Nc6 8. Nbd2 Qe7 9. Nb3 Bb6 10. Qd2 h6 11. Be3 0-0 12. Bxb6 axb6 13. a4 d5 14. Rfe1 Rad8 15. Qe2 dxe4 16. dxe4 Nd4 17. Nbxd4 exd4 18. Qc4 c5 19. Ne5 Qe8 20. b4 Rc8 21. b5 Nd7 22. Nxd7 Qxd7 23. Ra3 Qf7 24. Rf3 Qe7 25. Rg3 Qf7 26. f3 e5 27. Qd5 Qxd5 28. exd5 Rf5 29. Rg6 Rf6 30. Rg4 Re8 31. Rge4 Rf5 32. d6 Rd8 33. Rxe5 Rxe5 34. Rxe5 Rxd6 35. Re7 c4 36. Kf1 d3 37. cxd3 c3 38. Ke2 Rd4 39. Rc7 Rxa4 40. Rxc3 Rb4 41. Rc7 Rxb5 42. Rxb7 Rb2+ 43. Kf1 b5 44. d4 b4 45. d5 Rd2 46. Rxb4 Rxd5 47. Kf2 Kf7 48. Re4 Kf6 49. g4 g5 50. Kg3 Rd3 51. Rc4 Rb3 52. Rc6+ Kg7 53. Rc5 Kf6 54. Rf5+ Kg6 55. h4 Rc3 56. h5+ Kg7 57. Kf2 Rc6 58. Ke3 Rc4 59. Rd5 Rf4 60. Rd4 Rxd4 61. Kxd4 Kf6 62. Ke4 Ke6 63. f4 gxf4 64. Kxf4 1/2-1/2

[Event "Christchurch Nijman Memorial"]
[Site "Christchurch"]
[Date "2022.05.13"]
[Round "1"]
[White "Anikonov, Artem"]
[Black "Cilia Vincenti, David"]
[Result "1-0"]
[WhiteElo "1560"]
[BlackElo "2194"]
[PlyCount "112"]
[EventDate "2022.05.13"]
[EventType "swiss"]
[EventRounds "6"]
[EventCountry "NZL"]
[SourceTitle "EXT 2024"]
[Source "ChessBase"]
[SourceDate "2023.10.10"]
[SourceVersion "1"]
[SourceVersionDate "2023.10.10"]
[SourceQuality "1"]

1. e4 c6 2. d4 d5 3. exd5 cxd5 4. Bd3 Nc6 5. c3 Nf6 6. Bf4 Bg4 7. Qb3 Qd7 8. Nd2 e6 9. Ngf3 Bd6 10. Ne5 Qc7 11. Bb5 0-0 12. Bxc6 bxc6 13. c4 Rab8 14. Qc2 Bf5 15. Qc1 c5 16. Ndf3 cxd4 17. cxd5 Qxc1+ 18. Rxc1 Nxd5 19. Bg3 Rxb2 20. Nxd4 Bb4+ 21. Kf1 Bd2 22. Ra1 Rc8 23. Nxf5 exf5 24. Nd3 Rbc2 25. h3 g5 26. Be5 Bc3 27. Bxc3 R8xc3 28. Ne1 Rc1 29. Rxc1 Rxc1 30. g3 Ra1 31. Kg2 Rxa2 32. Nf3 g4 33. Nh4 Ne3+ 34. Kg1 Ra1+ 35. Kh2 Rxh1+ 36. Kxh1 Nd1 37. hxg4 Nxf2+ 38. Kg2 Nxg4 39. Nxf5 a5 40. Nd4 Kg7 41. Kf3 Ne5+ 42. Ke4 f6 43. Ne6+ Kf7 44. Nf4 Ng6 45. Nh5 Ne7 46. Nf4 f5+ 47. Kd4 Ng6 48. Ng2 Kf6 49. Ne3 f4 50. gxf4 Nxf4 51. Kc5 h5 52. Nf1 h4 53. Kb5 Kf5 54. Nh2 Nd5 55. Kxa5 Kf4 56. Kb5 Ne3 1-0

[Event "NZL-ch U18 op"]
[Site "Christchurch"]
[Date "2022.01.08"]
[Round "6"]
[White "Anikonov, Artem"]
[Black "McDougall, Sylvia"]
[Result "1/2-1/2"]
[WhiteElo "1353"]
[BlackElo "1142"]
[PlyCount "62"]
[EventDate "2022.01.03"]
[EventType "swiss"]
[EventRounds "7"]
[EventCountry "NZL"]
[SourceTitle "EXT 2024"]
[Source "ChessBase"]
[SourceDate "2023.10.10"]
[SourceVersion "1"]
[SourceVersionDate "2023.10.10"]
[SourceQuality "1"]

1. e4 e5 2. Nf3 Nc6 3. d4 exd4 4. Nxd4 Nxd4 5. Qxd4 b6 6. Bc4 Bb7 7. Nc3 Qf6 8. Qxf6 Nxf6 9. 0-0 Bb4 10. Nd5 Nxd5 11. exd5 0-0 12. c3 Bd6 13. Be3 c6 14. dxc6 Bxc6 15. Rad1 Be5 16. Bd5 Rad8 17. Rd2 Bf6 18. Rfd1 h6 19. Bd4 Bg5 20. Be3 Rde8 21. Bxg5 hxg5 22. Bxc6 dxc6 23. Kf1 Re7 24. Re2 Rfe8 25. Rde1 Kf8 26. Rxe7 Rxe7 27. Rxe7 Kxe7 28. Ke2 Ke6 29. Ke3 c5 30. Ke4 f5+ 31. Kd3 a6 1/2-1/2

[Event "South Island-ch"]
[Site "Dunedin"]
[Date "2020.10.08"]
[Round "6"]
[White "Anikonov, Artem"]
[Black "Zhang, Kendrick Botong"]
[Result "0-1"]
[WhiteElo "1308"]
[BlackElo "1574"]
[PlyCount "118"]
[EventDate "2020.10.03"]
[EventType "swiss"]
[EventRounds "7"]
[EventCountry "NZL"]
[SourceTitle "EXT 2024"]
[Source "ChessBase"]
[SourceDate "2023.10.10"]
[SourceVersion "1"]
[SourceVersionDate "2023.10.10"]
[SourceQuality "1"]

1. e4 d5 2. exd5 Qxd5 3. Nf3 Nf6 4. Nc3 Qd8 5. Bc4 a6 6. d3 b5 7. Bb3 Bb7 8. Be3 Nbd7 9. Qe2 e6 10. Bg5 Be7 11. Bxf6 Nxf6 12. Ne4 Nxe4 13. dxe4 0-0 14. 0-0 c5 15. c4 b4 16. Rad1 Qc7 17. Ba4 Bc6 18. Bxc6 Qxc6 19. b3 Bf6 20. e5 Be7 21. h3 a5 22. Rd2 Ra7 23. Rfd1 Rfa8 24. Rd3 a4 25. Qd2 axb3 26. Rd8+ Bxd8 27. Qxd8+ Qe8 28. Qxe8+ Rxe8 29. axb3 h6 30. Rd6 Rc8 31. Nd2 Ra3 32. f4 Kf8 33. Kf2 Ke7 34. Ke3 f5 35. Rb6 Kd7 36. Rd6+ Ke7 37. Rb6 Rc7 38. Rd6 Ra8 39. g4 Rd8 40. Rxd8 Kxd8 41. gxf5 exf5 42. Nf3 Ke7 43. h4 g6 44. Ne1 Kd7 45. Nd3 Kc6 46. Kd2 Ra7 47. Kc2 Ra2+ 48. Nb2 Ra8 49. Kd2 Ra1 50. Nd3 Rh1 51. e6 Ra1 52. Ne5+ Kd6 53. Nxg6 Kxe6 54. Ne5 Rh1 55. Nf3 Rb1 56. Ne1 Rb2+ 57. Ke3 Rxb3+ 58. Nd3 Rc3 59. Kd2 Rxc4 0-1